Dimensión ética de la educación /

Guardat en:
Dades bibliogràfiques
Autor principal: Altarejos, Francisco (autor)
Format: Llibre
Idioma:espanyol
Publicat: Pamplona, España : Universidad de Navarra, 1999, c1999
Col·lecció:(Ciencias de la Educación)
Matèries:
Etiquetes: Afegir etiqueta
Sense etiquetes, Sigues el primer a etiquetar aquest registre!

MARC

LEADER 00000nam^a2200000^a^4500
001 000393182
005 20250521000000.0
009 20260310121301.859
020 |a 84-313-1680-2 
037 |a Acervo ITESO - Biblioteca 
041 |a ESP 
082 |a 370. 114  |b ALT 
100 |a Altarejos, Francisco  |e (autor) 
245 1 0 |a Dimensión ética de la educación /  |c F. Altarejos. 
264 4 |a Pamplona, España :  |b Universidad de Navarra,  |c 1999, c1999 
300 |a 184 p. 
336 |a texto  |b txt  |2 rdacontenido 
337 |a sin mediación  |b n  |2 rdamedio 
338 |a volumen  |b nc  |2 rdasoporte 
440 1 |a (Ciencias de la Educación) 
649 |a XX 
650 |a Libertad 
650 |a Información 
650 |a Comunicación 
650 |a Voluntad 
650 |a Valores 
650 |a Axiología de la Educación 
650 |a Etica -  |x Estudio y Enseñanza -  |x Tema Principal 
650 |a Filosofía de la Educación 
910 |a Fondo Carlos Núñez Hurtado 
920 |a Impresos - Libros 
930 |a Fondos Especiales 
905 |a 117 
901 |a 0500288293  |b IT2  |c ESP  |i D80299  |u 20250521 
902 |a https://opac.biblio.iteso.mx/vufind/Record/000393182